VSEPR Notation, Shape, and Orientation - Statistics

General Stats
  • This quiz has been taken 63 times
  • The average score is 7 of 26
Answer Stats
VSEPR
notation
Orientation % Correct
AX2E0 Linear
92%
AX3E0 Linear
80%
AX4E1 Tetrahedral
36%
AX5E1 Bent
32%
AX2E2 Bent or Angular
32%
Octahedral
32%
See-saw
32%
Square plannar
32%
Linear
28%
Square pyramidal
28%
AX2E3 Trigonal pyramidal
28%
AX5E0 Tetrahedral
24%
Trigonal bipyramidal
24%
T-shaped
24%
Octahedral
16%
Octahedral
16%
Octahedral
16%
AX3E2 Tetrahedral
16%
AX6E0 Tetrahedral
16%
AX4E2 Trigonal bipyramidal
12%
Trigonal bipyramidal
12%
Trigonal bipyramidal
12%
Trigonal bipyramidal
12%
AX2E1 Planar triangular
4%
AX4E0 Planar triangular
4%
AX3E1 Planar triangular
4%
No matching quizzes found
Score Distribution
Percent of People with Each Score
Percentile by Number Answered
Your Score History
You have not taken this quiz